01146cam a2200265 i 45000010008000000030004000080050017000120080041000290100017000700200015000870400018001020430012001200500025001320820016001571000021001732450182001942600092003763000026004684900054004945000019005485040053005676500028006207110153006488100079008013228361GZU20210524122604.0800930s1980 ne b 101 0 eng  a 79056566  a9028606394 aDLCcDLCdDLC af------00aJX4422 REM 1980bR4500a341.4/52191 aRembe, Nasila S.10aAfrica and the international law of the sea :ba study of the contribution of the African States to the Third United Nations Conference on the Law of the Sea /cNasila S. Rembe. aAlphen aan den Rijn, The Netherlands ;aGermantown, Md. :bSijthoff & Noordhoff,c1980. axix, 251 p. ;c25 cm.1 aSijthoff publications on ocean development ; v. 6 aIncludes index aIncludes bibliographical references and indexes. 0aLaw of the seazAfrica.2 aUnited Nations Conference on the Law of the Sean(3rd :d1973-1982 :cNew York, N.Y.; Caracas, Venezuela; Geneva, Switzerland; Montego Bay, Jamaica)2 aA.W. Sijthoff (Firm).tSijthoff publications on ocean development ;vv. 6.